[Event "EU-chT (Men) 16th"]
[Site "Heraklion"]
[Date "2007.10.30"]
[Round "3.1"]
[White "Svidler, Peter"]
[Black "Navara, David"]
[Result "1-0"]
[WhiteElo "2732"]
[BlackElo "2656"]
[Annotator "Ftacnik,L"]
[PlyCount "75"]
[EventDate "2007.10.28"]
[EventType "team-swiss"]
[EventRounds "9"]
[EventCountry "GRE"]
[SourceTitle "CBM 121"]
[Source "ChessBase"]
[SourceDate "2007.11.14"]
[SourceVersion "1"]
[SourceVersionDate "2007.11.14"]
[SourceQuality "1"]
[WhiteTeam "Russia"]
[BlackTeam "Czech Republic"]
[WhiteTeamCountry "RUS"]
[BlackTeamCountry "CZE"]

1. e4 e5 2. Nf3 Nc6 3. Bb5 a6 4. Ba4 Nf6 5. O-O Be7 6. Re1 b5 7. Bb3 O-O 8. a4
b4 9. d3 d6 10. Nbd2 Na5 11. Ba2 Be6 12. Bxe6 fxe6 13. d4 {White can hope to
end up with healthier bishop than enemy's e7, but Navara was keeping a very
good control in the center.} exd4 (13... Nc6 14. dxe5 Nxe5 (14... dxe5 15. Qe2)
15. Nxe5 dxe5 16. Qe2 $16) 14. Nxd4 Qd7 (14... Qc8 $6 15. e5 dxe5 16. Rxe5 $16)
15. Nf1 (15. b3 g6 16. Qe2 e5 17. N4f3 Nh5 18. Nf1 Nf4 19. Bxf4 Rxf4 20. N3d2
Bg5 21. Rad1 Qc6 22. Ne3 Rf7 23. Nec4 Nxc4 24. Nxc4 Raf8 $17 {1/2 Leiber,B 
(2208)-Zur Bruegge,C (2103)/Bad Zwischenahn 2003 (43)}) 15... c5 (15... Nc6)
16. Nf3 Nc6 17. Ng3 Ng4 (17... Rad8 18. Qd3 a5 $11) 18. e5 Rad8 $6 {Opening of
the center and activity of black pieces can not fully compensate for the
deficiences of the pawn structure.} (18... d5 19. Qe2 (19. h3 Nxf2 $1 20. Kxf2
Bh4 21. Re4 Qe7 22. Rf4 g5 $17) 19... b3 (19... Rxf3 20. Qxf3 Ngxe5 21. Qe2 Nd4
22. Qd1 (22. Qxe5 $6 Bf6 23. Qh5 Nxc2 24. Be3 Nxa1 25. Rxa1 Bxb2 26. Rb1 $13)
22... Bd6 23. c3 $13) 20. c3 c4 $11) 19. exd6 Bxd6 (19... Qxd6 20. Qe2 (20.
Qxd6 Bxd6 21. Ne4 Nd4 22. Nxd4 cxd4 23. f3 Nf6 24. Nxf6+ gxf6 25. Rxe6 Kf7 $11)
20... Nd4 21. Nxd4 Qxd4 22. Ne4 $14) 20. Bg5 Bxg3 (20... Be7 21. Qxd7 Rxd7 22.
Rxe6 $16) (20... Rde8 21. Ne4 Nd4 22. Nxd4 Bxh2+ 23. Kh1 $16) 21. hxg3 Qxd1 22.
Raxd1 Rxd1 $6 {For all Svidler's effort black could keep good chances to hold
with natural centralizing move. Instead the defender rushes into the flawed
counterplay.} (22... Rd5 $5 23. Rxd5 exd5 24. Re6 Rc8 $11) 23. Rxd1 Rf5 $2 (
23... Rc8 24. Rd6 Kf7 25. Rd7+ Kf8 26. Kf1 h6 27. Bd2 $14) 24. Rd6 Rd5 25. Rxe6
Nce5 (25... Rd1+ 26. Re1 Rxe1+ 27. Nxe1 $16) 26. Kf1 $1 (26. Ne1 b3 27. Kf1 (
27. cxb3 Rd1 28. Kf1 Nd3 29. Re8+ Kf7 30. Re2 h6 31. Be3 Nh2+ 32. Kg1 Ng4 33.
Kf1 $11) 27... bxc2 28. Nxc2 Nd3 29. Be3 $14) 26... Nxf3 27. gxf3 Rxg5 (27...
Nh2+ 28. Kg2 Rxg5 29. Rxa6 $1 (29. Kxh2 Rd5 30. Rxa6 Rd2 31. Kg2 Rxc2 $14)
29... Rd5 30. Rc6 b3 31. cxb3 Nxf3 32. Kxf3 Rd3+ 33. Ke4 Rxb3 34. a5 Rxb2 35.
a6 Ra2 36. Kd5 $18) 28. fxg4 Rxg4 29. Ke2 $1 {White's solution of the crises
was disarmingly simple and efficient. In the rook endgame he entertains better
rook and king position.} (29. b3 Rg6 30. Re8+ (30. Rxg6 hxg6 31. Ke2 Kf7 32.
Kd3 Ke6 33. Kc4 Kd6 $11) 30... Kf7 31. Rc8 Rg5 32. a5 $16) 29... b3 (29... Rc4
30. Kd2 Rd4+ 31. Kc1 a5 32. Ra6 $16) 30. cxb3 Rb4 31. a5 $1 {[%mdl 4096] This
charming move opens up the game the way to the texbooks. Svidler has noticed a
chance to transform the fight into a winning pawn endgame.} Rxb3 (31... Kf7 32.
Rxa6 Rxb3 33. Rb6 $18) 32. Rb6 $1 c4 (32... Rb4 33. Rxb4 cxb4 34. Kd3 $18) 33.
Rxb3 cxb3 34. Kd3 Kf7 {The key factor lays in the fact, that Navara can not
force the way up with his kingside pawns and has to use the help of hoplessly
slow king.} (34... h5 35. f4 $18) (34... g5 35. g4 $18) 35. Kc3 (35. Kd4 Ke6
36. Kc5 h5 37. f4 $18) 35... h5 36. f4 $1 Ke6 (36... g5 37. fxg5 Kg6 38. Kxb3
Kxg5 39. Kc3 Kg4 40. b4 Kxg3 41. b5 $18) 37. Kxb3 Kd5 (37... Kf5 38. Kc3 Kg4
39. b4 Kxg3 40. b5 $18) 38. Kc3 (38. Kc3 Ke4 39. b4 Kf3 40. b5 $18) 1-0

[Event "Poikovsky Karpov 07th"]
[Site "Poikovsky"]
[Date "2006.03.22"]
[Round "5"]
[White "Bologan, Viktor"]
[Black "Ponomariov, Ruslan"]
[Result "1-0"]
[WhiteElo "2661"]
[BlackElo "2723"]
[Annotator "Ftacnik,L"]
[PlyCount "125"]
[EventDate "2006.03.18"]
[EventType "tourn"]
[EventRounds "9"]
[EventCountry "RUS"]
[EventCategory "18"]
[SourceTitle "CBM 112"]
[Source "ChessBase"]
[SourceDate "2006.06.07"]
[SourceVersion "1"]
[SourceVersionDate "2006.06.07"]
[SourceQuality "1"]

1. e4 e5 2. Nf3 Nc6 3. Bb5 a6 4. Ba4 Nf6 5. O-O Be7 6. Re1 b5 7. Bb3 O-O 8. h3
Bb7 9. d3 d6 10. a3 Qd7 11. Nbd2 Rae8 {Ponomariov is displaying the model set
up in Ruy Lopez defense from the point of modern theory. Black is very quickly
marshalling his pieces into play and prepares d6-d5 advance.} 12. c3 (12. Nf1
Bd8 13. Be3 (13. Ne3 Nd4 (13... Ne7 14. a4 c5 15. axb5 axb5 16. c4 Bc7 17. cxb5
d5 18. exd5 Nexd5 19. Nc4 Nb4 20. b6 Bb8 21. Ba4 Qxd3 22. Bxe8 Qxc4 {0-1
Antoniewski,R (2415)-Jackova,J (2230)/Rymarov 1999 (35)}) 14. Nxd4 exd4 15. Nf1
(15. Ng4 Nxg4 16. Qxg4 Qxg4 17. hxg4 d5 18. f3 dxe4 19. dxe4 c5 20. Bf4 Ba5 21.
Red1 Rd8 22. Ba2 Bb6 {1/2 L'Ami,E (2478)-Van den Doel,E (2599)/Leeuwarden 2004
(39)}) 15... c5 16. Ba2 (16. Bd2 Qc6 17. Ba2 d5 18. e5 Nd7 19. f4 f6 20. exf6
Qxf6 21. Qh5 Qf7 22. Qxf7+ Kxf7 23. Nh2 Bh4 {0-1 Nijboer,F (2534)-Van der Wiel,
J (2529)/Wijk aan Zee 1999 (72)}) 16... Kh8 17. b4 Qc6 18. Bb2 d5 19. e5 Nd7
20. Nd2 Nxe5 21. bxc5 Qxc5 22. Nb3 Qd6 23. Nxd4 Bc7 24. Kf1 {1-0 Beliavsky,A 
(2626)-Almasi,Z (2646)/Wijk aan Zee 2006 (79)}) 13... Ne7 14. Ng3 Ng6 15. Qd2
c5 16. Rad1 Qc7 17. Nf5 c4 18. Ba2 Kh8 19. Bg5 d5 20. exd5 Nxd5 21. dxc4 bxc4 {
1/2 Sowray,P (2342)-Hebden,M (2521)/Birmingham 2005 (34)}) (12. a4 Na5 13. Ba2
b4 14. c3 (14. Nf1 Bd8 15. Ng3 Kh8 16. c3 bxc3 17. bxc3 c5 18. Bg5 Bc6 19. Qc1
Ng8 20. Bxd8 Rxd8 21. d4 Qc7 {1/2 Karjakin,S (2635)-Aronian,L (2693)/Warsaw
2005 (64)}) 14... bxc3 15. bxc3 c5 16. Nc4 Nxc4 17. Bxc4 h6 18. a5 Bd8 19. Be3
Kh7 20. Qb3 Bc8 21. Nd2 Qb7 22. Reb1 {1-0 Cheparinov,I (2625)-Almasi,Z (2646)/
Wijk aan Zee 2006 (40)}) 12... d5 13. a4 $5 (13. Ba2 dxe4 14. dxe4 Nh5 15. Nb3
Qxd1 16. Rxd1 Nf6 17. Re1 Nb8 18. Nxe5 Bd6 19. Nd3 Bxe4 20. Nbc5 Bd5 21. Rxe8
Rxe8 22. Bxd5 Nxd5 23. Kf1 f6 {1/2 Topalov,V (2700)-Svidler,P (2713)/Linares
1999 (35)}) 13... dxe4 14. Nxe4 {Bologan is clearly well prepared fo the duel.
The opponent will have to fight for equality due to the novelty 13.a4!?} (14.
dxe4 Rd8 15. axb5 axb5 16. Qe2 Qd3 $11) 14... Rd8 (14... Nxe4 15. axb5 axb5 16.
dxe4 $14) 15. axb5 axb5 16. Ng3 h6 (16... Qxd3 17. Qxd3 Rxd3 18. Nxe5 Nxe5 19.
Rxe5 Bd6 20. Rxb5 Bc6 21. Rba5 Bxg3 22. Bc2 Bxf2+ 23. Kxf2 Ne4+ 24. Kg1 $14)
17. Bc2 (17. Nxe5 Nxe5 18. Rxe5 Bd6 19. Re2 c5 $11) 17... Rfe8 {Black´s set up
is not prepared for the defense of the e5 pawn, active pieces will try to
prove sufficient compensation.} (17... Ra8 18. Rxa8 Rxa8 19. Nxe5 Nxe5 20. Rxe5
Bd6 21. Re1 Ra1 22. Qe2 $14) 18. Nxe5 Nxe5 19. Rxe5 Bd6 20. Rxe8+ Rxe8 21. Bd2
$6 (21. Qf1 $1) 21... c5 (21... Qc6 22. Ne4 $14) (21... Bxg3 $1 22. fxg3 Qd5
23. Qf1 Qxg2+ 24. Qxg2 Bxg2 25. Kxg2 Re2+ 26. Kf3 Rxd2 $15) 22. Qf1 Qc7 (22...
Bc6 $5 23. Re1 Ra8 $13) 23. Ne4 $1 {Bologan has noticed, that his queen from
the square f1 is aiming at b5 pawn. The exchange in the center will reduce
enormous pressure of the black pieces.} (23. Nf5 Bh2+ 24. Kh1 Bf4 25. Bxf4 (25.
Qd1 g6 26. Nxh6+ $2 Kg7 27. Qc1 Qd7 $1 28. Kg1 Qc6 $19) 25... Qxf4 26. Ne3 Nh5
$36) 23... Bxe4 (23... Nxe4 24. dxe4 Bxe4 25. Bxe4 Rxe4 26. Qxb5 $16) 24. dxe4
Qc6 (24... c4 25. Qe2 Qe7 26. Re1 $16) 25. c4 $5 {Due to the problems along
the a4-e8 diagonal Ponomariov faced serious discomfort with the b5 pawn. The
stars are turning to the white´s favour.} (25. f3 c4 26. Be3 Nh5 $14) 25...
Bh2+ (25... Nxe4 26. Be3 Nf6 (26... bxc4 $2 27. Ba4 $18) 27. cxb5 $16) 26. Kh1
(26. Kxh2 Qd6+ 27. e5 $1 (27. Kg1 Qxd2 28. Qd1 Qxd1+ 29. Bxd1 bxc4 30. f3 Rb8
31. Be2 $14) 27... Qxd2 28. exf6 Qxc2 29. cxb5 Qxb2 30. fxg7 $16) 26... Bc7 27.
e5 $5 (27. Be3 Qd6 28. g3 Nxe4 29. Bxe4 Rxe4 30. cxb5 $14) 27... Bxe5 (27...
Ne4 28. cxb5 Nxd2 29. Qd3 (29. bxc6 Nxf1 30. Rxf1 Rxe5 31. Kg1 $16) 29... Ne4
30. Qxe4 Qxe4 31. Bxe4 Bxe5 32. b6 Bxb2 33. Ra4 $16) 28. cxb5 Qd6 $6 {The
puzzled exchampion of the world suddenly doesn´t know, how to complicate the
task for his opponent. Somewhat more challenging seems the active move 28..Qd5
with activity on the queenside.} (28... Qd5 29. Rd1 Qa2 30. Be3 (30. Re1 Qxb2
31. Qc4 Bd6 $14) 30... c4 31. b6 Bxb2 32. Qe2 $16) 29. Rd1 Qb6 (29... Bxb2 $2
30. Bc3 $18) 30. b3 Bb8 (30... Bd4 31. Re1 Ra8 32. Qe2 $16) 31. Bc3 Qc7 (31...
Be5 32. Bxe5 Rxe5 33. Qc4 $16) 32. g3 Qb7+ 33. Kg1 Nd7 (33... Be5 34. Bxe5 Rxe5
35. Rd8+ Ne8 36. Qa1 Re7 (36... Qe7 37. Qa8 $18) 37. Bd3 $16) 34. Qd3 Nf8 {
The modest defensive move serves as a bad omen for black. Active
centralisation 34...Ne5 would have let the white queen towards the black king
with a simple win.} (34... Ne5 35. Qh7+ Kf8 36. Be4 Qxb5 37. Rd2 $18) 35. Re1
Rxe1+ 36. Bxe1 Ne6 37. Bc3 (37. Qh7+ Kf8 38. Bc3 Qxb5 39. Bd1 Nd4 $16) 37...
Kf8 38. b4 $1 Qc7 (38... cxb4 39. Bxb4+ Ke8 40. b6 Qd7 41. Qa6 Kd8 42. Ba4 $18)
39. Bb3 Nd4 (39... cxb4 40. Bxb4+ Kg8 41. Bc2 Nf8 42. Qc3 $18) 40. b6 $6 {
[%mdl 64] The haunted 40th move is somewhat spoiling the artistic impression
of the huge white advantage. Under more favourable circumstances white would
easily have calculated the consequence of the attractive continuation 40.
bxc5!! with a brilliant win.} (40. bxc5 $3 Nxb3 41. b6 Qe7 (41... Qc6 42. Qd8+
Qe8 43. Bxg7+ $18) (41... Qc8 42. c6 Nc1 43. Bb4+ Kg8 (43... Ke8 44. Qe4+ Qe6
45. c7 Bxc7 46. bxc7 Kd7 47. Qb7 $18) 44. Qd7 $18) 42. Bb4 Nc1 43. Qc4 Ne2+ 44.
Kg2 $18) 40... Qxb6 (40... Qc6 41. bxc5 Nf3+ 42. Kh1 Nd4+ 43. f3 Be5 44. Bxd4
Qd7 45. Bd5 Qxd5 46. b7 $18) 41. bxc5 Qxb3 (41... Ne2+ $2 42. Kf1 Qc7 43. Kxe2
$18) 42. Qxd4 f6 43. c6 Bc7 (43... Kg8 44. Qd8+ Kh7 45. c7 $18) 44. Bb4+ Kg8 (
44... Kf7 45. Qd7+ Kg6 46. Qxc7 Qxb4 47. Qc8 $18) 45. Bd6 {The spare pawn on
the c6 square is the huge force and the queen endgames are hopeless for the
defender. The next phase is the fight for space, white needs to combine the
attack with actions against the black king.} Bb6 (45... Bxd6 46. Qxd6 Qb1+ 47.
Kg2 Qe4+ 48. Kh2 Qf5 49. Qd4 $18) 46. Bc5 Ba5 (46... Bc7 47. Qd7 Qb8 48. Kg2
$18) 47. Qd6 Qf7 48. Qb8+ Kh7 49. Qb7 Qc7 (49... Bc7 $2 50. Bb6 $18) 50. Qb1+
Kg8 (50... g6 51. Qb7 $18) 51. Qe4 Qd8 (51... Kf7 52. Qd5+ Kg6 53. Bd6 $18) 52.
Qe6+ Kh8 53. Bd6 Bb6 (53... Bc7 54. Bxc7 Qxc7 55. Qd7 $18) 54. Kh2 Kh7 55. h4
h5 {This move was not made with an easy heart, but otherwise white would have
occupied the light squares.} (55... Kh8 56. h5 $18) 56. Qf5+ g6 (56... Kh6 57.
Bf4+ g5 58. hxg5+ fxg5 59. Qe6+ Kh7 60. Qf7+ Kh6 61. Be5 $18) 57. Qe6 Kg7 58.
Kg2 Ba5 59. Be7 Qd4 60. Qd7 {Due to the open kingside defender stands no
chance, the bishop on a5 is not protecting the main master.} Qe4+ 61. Kh2 Qc2 (
61... Qf5 62. Qa7 Kh8 63. Bc5 $18) 62. Bc5+ Kh6 (62... Kh8 63. Qe8+ Kh7 64.
Qf7+ Kh8 65. Qxf6+ Kh7 66. Qf7+ Kh8 67. Bd4#) 63. Bf8# 1-0

[Event "EU-chT (Men) 16th"]
[Site "Heraklion"]
[Date "2007.11.01"]
[Round "5.1"]
[White "Cheparinov, Ivan"]
[Black "Navara, David"]
[Result "0-1"]
[WhiteElo "2670"]
[BlackElo "2656"]
[Annotator "Ftacnik,L"]
[PlyCount "72"]
[EventDate "2007.10.28"]
[EventType "team-swiss"]
[EventRounds "9"]
[EventCountry "GRE"]
[SourceTitle "CBM 121"]
[Source "ChessBase"]
[SourceDate "2007.11.14"]
[SourceVersion "1"]
[SourceVersionDate "2007.11.14"]
[SourceQuality "1"]
[WhiteTeam "Bulgaria"]
[BlackTeam "Czech Republic"]
[WhiteTeamCountry "BUL"]
[BlackTeamCountry "CZE"]

{[%mdl 1]} 1. e4 e5 2. Nf3 Nc6 3. Bb5 a6 4. Ba4 Nf6 5. O-O Be7 6. Re1 b5 7. Bb3
O-O 8. h3 Bb7 9. d3 d6 10. a3 Qd7 11. Nc3 Rfe8 12. a4 b4 13. Ne2 d5 14. exd5
Nxd5 15. Ng3 Bf8 16. Bd2 {Cheparinov works very hard on his openings together
with other members of Topalov's team of analysts. The novelty from this game
hopes to save the tempo in comparision with the known 16.a5.} a5 (16... Rad8
17. a5 $13) 17. Ba2 (17. Qe2 Nd4 18. Nxd4 exd4 19. Qf3 g6 20. Ne4 Be7 $11)
17... Nd4 $6 {Navara rushes the decision in thecenter, but he might have payed
for his impatience.} (17... Rad8) 18. Nxe5 (18. Nxd4 exd4 19. Qf3 g6 $11) 18...
Qd6 19. Nf3 $6 {It is much easier to get into the grip of the position in the
comfort of home study armed with a computer programm. Despite that I find it
remarkable, that both players have considered 19.Qg4! flawed even though it
offers better chances for white.} (19. Qg4 $1 Rxe5 (19... Nxc2 $2 20. Nf5 h5 (
20... Qf6 21. Nh6+ $18) 21. Nxd6 hxg4 22. Nxb7 $18) (19... b3 20. Bxb3 Nxb3 21.
Nc4 $1 Qc6 22. cxb3 Ne3 (22... Nf6 23. Qf3 Qxf3 24. gxf3 $16) 23. Nxe3 Rxe3 24.
Nf5 h5 25. Qg5 Rxd3 26. Bc3 $16) 20. Qxd4 Rae8 21. Rxe5 Qxe5 22. Qxe5 Rxe5 23.
Ne4 $16) 19... Rxe1+ 20. Bxe1 (20. Nxe1 Qc6 21. Nf3 Nxf3+ 22. Qxf3 Qxa4 $11)
20... Nf4 {Black now sports excellent chances to get enough play for his
sacrificed pawn.} (20... Qf6 21. Nxd4 Qxd4 22. Rb1 $14) 21. Nxd4 Qxd4 22. Qg4
Re8 (22... Bd6 23. Nf5 Qxb2 24. Bxf7+ Kxf7 (24... Kf8 $2 25. Rb1 Qe5 26. Nxd6
cxd6 27. Bb3 $16) 25. Nxd6+ cxd6 26. Qxf4+ Kg8 27. Qc4+ d5 28. Qa2 Qxa2 29.
Rxa2 Rc8 $11) 23. Nf5 h5 24. Nh6+ $6 {Cheparinov is getting full marks for the
courage and aggression, but much less for objectivity. White is toying with
open fire..} (24. Nxd4 hxg4 25. hxg4 Nxg2 26. Bd2 Bc5 $11) 24... Kh7 (24... Kh8
$2 25. Nxf7+ Kh7 26. Qf5+ g6 27. Ng5+ $18) 25. Qf5+ Kxh6 26. Bd2 Bd6 $1 (26...
g5 27. h4 $1 f6 (27... Ne2+ 28. Kf1 Qxh4 $1 29. Qf6+ Kh7 30. Qxf7+ Bg7 31. Qxe8
Nd4 $1 32. Bg8+ Kh6 33. f3 Qh1+ 34. Kf2 Qh4+ $11) 28. Bg8 $1 Re7 29. c3 (29.
hxg5+ fxg5 30. Qxf8+ Qg7 31. Qxg7+ Rxg7 32. Ba2 Nxg2 $15) 29... Qd6 30. hxg5+
fxg5 31. Qxf8+ Kg6 $15) 27. Bxf7 Qxf2+ $3 {[%mdl 64] Staggering combination in
the moment, when each advice has a value of gold.} (27... Re2 $4 28. Qxh5#) 28.
Kxf2 Re2+ 29. Kg1 (29. Kf1 $2 Bxg2+ 30. Kg1 Rxd2 $19) 29... Rxg2+ $6 (29...
Rxd2 $1 30. Re1 (30. h4 $2 Ne2+ 31. Kf1 Ng3+ 32. Ke1 Nxf5 33. Kxd2 Nxh4 $19)
30... g6 $1 31. Re6 (31. Qf6 Nxh3+ 32. gxh3 Bh2+ 33. Kf1 Bg2#) 31... Rxg2+ (
31... Rd1+ 32. Kf2 Rd2+ 33. Kg1 Rd1+ $11) 32. Kf1 Rg3 $1 $17) 30. Kf1 Rxd2 31.
Bg8 $2 {White is keeping the flame of his optimism burning brightly. Older,
more mature player would have surely preferred 31.h4! with a perpectual check.}
(31. h4 $1 Bg2+ 32. Ke1 Re2+ 33. Kd1 Bf3 34. Qg5+ Kh7 35. Qf5+ $11) 31... Bg2+
32. Ke1 Re2+ 33. Kd1 Bf3 $1 34. Qh7+ (34. Kc1 Re1+ 35. Kd2 Rxa1 $19) 34... Kg5
35. Ra2 (35. Qxg7+ Kh4 $19) 35... Rh2+ 36. Ke1 (36. Kc1 Nxd3+ $1 37. cxd3 (37.
Qxd3 Bf4+ $19) 37... Bf4+ 38. Kb1 Rh1+ 39. Kc2 Bd1+ 40. Kb1 Bb3#) 36... Nxd3+
$1 {Once again the spirit triumphs over the brute force, the white king is
naked and his forces scattered over the board. The mate that follows amounts
to justified punishment...} (36... Nxd3+ $1 37. cxd3 Bg3+ 38. Kf1 Rh1#) 0-1

[Event "EU-Cup 09th final"]
[Site "Hilversum"]
[Date "1993.12.12"]
[Round "3"]
[White "Murey, Jacob"]
[Black "Adams, Michael"]
[Result "1-0"]
[WhiteElo "2530"]
[BlackElo "2630"]
[Annotator "Ftacnik,L"]
[PlyCount "107"]
[EventDate "1993.12.10"]
[EventType "team-k.o."]
[EventRounds "3"]
[EventCountry "NED"]
[SourceTitle "EXT 2020"]
[Source "ChessBase"]
[SourceDate "2019.10.17"]
[SourceVersion "1"]
[SourceVersionDate "2019.10.17"]
[SourceQuality "1"]
[WhiteTeam "La Dame Blanche Auxerre"]
[BlackTeam "Clichy Echecs 92"]
[WhiteTeamCountry "FRA"]
[BlackTeamCountry "FRA"]

1. e4 {Wedberg} e5 2. Nf3 Nc6 3. Bb5 a6 4. Ba4 Nf6 5. O-O Be7 6. Re1 b5 7. Bb3
O-O 8. h3 Bb7 9. d3 d6 (9... h6 {Wedberg} 10. Nbd2 Re8 11. c3 Bf8 12. a4 Na5
13. Ba2 c5 14. Nb3 Nc6 15. Be3 d6 16. Nbd2 d5 17. exd5 Nxd5 18. Ne4 $36 Nxe3
19. Rxe3 Na5 20. Nfd2 Rc8 21. axb5 axb5 22. Rf3 c4 23. Nf6+ gxf6 24. Rg3+ Bg7
25. Qg4 {Akopian-Adams/Oakham/1993/1-0/47}) 10. a3 $5 (10. a4) (10. c3 {Wedberg
}) 10... Na5 11. Ba2 c5 12. Nc3 h6 13. b4 Nc6 14. Nd5 $1 Nxd5 (14... Nd4 $5
$132 {Wedberg}) 15. Bxd5 Qc7 16. c3 Nd8 17. Qb3 Rc8 18. Be3 cxb4 {?! Wedberg}
19. cxb4 Qc3 $2 (19... Bxd5 20. Qxd5 $14 (20. exd5 $5)) 20. Qxc3 Rxc3 21. Rec1
$1 Rxc1+ (21... Rxd3 $2 22. Bxb7 Nxb7 23. Rc7 $18) 22. Rxc1 Bxd5 23. exd5 f5
24. Rc7 Bf6 25. g4 $1 (25. Ra7 {Wedberg} Nf7 26. Rxa6 Rc8 $132) 25... f4 (25...
g6 26. Bxh6) 26. Bb6 Nf7 27. Rc6 (27. Ra7 $6 {Wedberg} Rc8 $132) 27... Ra8 28.
Nd2 Kf8 29. Ne4 Be7 30. Bc7 Rc8 31. Ba5 $1 Ra8 (31... Rxc6 $2 32. dxc6 Ke8 33.
Nc3 $16) 32. Nc3 Ke8 33. a4 $1 bxa4 34. Nxa4 Ng5 (34... Bd8 $5 $16) 35. Kg2 e4
36. h4 Nf3 37. dxe4 Nxh4+ 38. Kf1 Nf3 39. Nb6 Rb8 40. Nc4 Nh2+ 41. Kg2 Nxg4 42.
Nxd6+ Kf8 43. Nc4 Bf6 (43... Bxb4 44. Nb6 Bxa5 45. Nd7+ $18) 44. Kf3 Ne5+ 45.
Nxe5 Bxe5 46. Kg4 Kf7 47. Kf5 Re8 48. Rxa6 Bb8 49. d6 g6+ 50. Kxf4 Ke6 51. Bc7
Kd7 (51... Bxc7 52. dxc7+ Kd7 53. Rxg6 $18) 52. e5 Rf8+ 53. Ke4 Bxc7 54. Ra7 (
54. Ra7 Rc8 55. b5 Kd8 56. Rxc7 Rxc7 57. dxc7+ Kxc7 58. e6 h5 59. e7 Kd7 60. b6
$18) 1-0

[Event "Astrakhan FIDE GP"]
[Site "Astrakhan"]
[Date "2010.05.10"]
[Round "1"]
[White "Gashimov, Vugar"]
[Black "Ivanchuk, Vassily"]
[Result "1-0"]
[WhiteElo "2734"]
[BlackElo "2741"]
[Annotator "Gashimov,V"]
[PlyCount "71"]
[EventDate "2010.05.10"]
[EventType "tourn"]
[EventRounds "13"]
[EventCountry "RUS"]
[EventCategory "20"]
[SourceTitle "CBM 137"]
[Source "ChessBase"]
[SourceDate "2010.07.15"]
[SourceVersion "1"]
[SourceVersionDate "2010.07.15"]
[SourceQuality "1"]

1. e4 e5 2. Nf3 Nc6 3. Bb5 a6 4. Ba4 Nf6 5. O-O Be7 6. Re1 b5 7. Bb3 O-O 8. h3
Bb7 9. d3 d6 10. a3 {I was very happy with the results of the opening, but not
because White has an advantage, as the position is quite complicated. It is
simply that it is well-known that it is difficult to prepare against Ivanchuk,
because he can play any opening equally well. And in the anti-Marshall, I have
always done very well, and have won many games.} Nb8 {This plan seems to me to
be the worst of the three possibilities - Qd7-Nd8 or Na5-c5 were better than
the plan chosen by my opponent.} 11. Nbd2 Nbd7 12. Nf1 Re8 13. Ba2 $5 {Black
almost always plays Nc5 in such positions, and White has to move the bishop
away, so I decided to do it at once, whilst at the same time setting up a
hidden threat.} Bf8 $2 {It was essential to play h6 first.} 14. Ng5 Re7 15. f4
$1 {This is the point! White succeeds in advancing this pawn, and after the
opening of the f-file, the weakness of the f7-pawn will be felt.} h6 16. Nf3 d5
{He must shut out the bishop on a2, or else Back will be in a very bad way.}
17. fxe5 Nxe5 18. Nxe5 Rxe5 19. Bf4 Re8 20. e5 Nh7 {Even though Black has shut
the diagonal, White still has a clear advantage. However, it still requires
accurate play from White, to activate his pieces and increase his advantage.}
21. d4 Ng5 22. Ng3 Ne6 23. Be3 {With this setup, White can simultaneously
attack on the kingside and control events in the centre.} g6 {This cannot be
avoided, or else he will always have to reckon with Nf5 or Nh5.} 24. Rf1 Bg7
25. c3 c5 26. Qg4 Rc8 (26... h5 27. Nxh5 gxh5 28. Qxh5 Re7 29. Rf3 (29. Bb1
cxd4 30. cxd4 {with a very strong attack}) 29... cxd4 30. cxd4 Rc8 31. Raf1 {
and White should win.}) 27. Rf2 Rc7 {Now ...h5 would be met by the knight
sacrifice.} 28. Raf1 Bc8 {White's pieces have all taken up good positions, but
he does not need to rush things, since Black has no counterplay.} 29. Qd1 c4 $2
{After this, Black loses the possibility of opening the c-file, and without
this, he has a very bad position.} (29... cxd4 30. cxd4 Qh4 31. Ne2 Bb7 32. Nf4
Nxf4 33. Rxf4 Qd8 34. Bd2 $18) 30. Bb1 {The bishop has nothing more to do on
the a2-g8 diagonal.} Qh4 31. Kh2 a5 32. Ne2 Rf8 33. Qd2 Kh7 34. Rf6 $1 {
The black queen is caught.} Re7 (34... Bxf6 35. Rxf6 Re8 36. g3 Qh5 37. g4 Qh4
38. Ng1 $18) 35. R6f4 Nxf4 36. Rxf4 {Despite this victory, and my generally
good and uncompronising play throughout the whole tournament, I did not
succeed in qualifying for the Candidates tournament. In any case, I would like
to thank my colleagues for their support - Boris Gelfand, Peter Svidler, Peter
Leko, Pavel Eljanov, Ernesto Inarkiev and others.} 1-0